The ways of teaching a professional foreign language to students of non-linguistic faculties; Современные тенденции в образовании и науке; Ч. 3

Bibliographic Details
Parent link:Современные тенденции в образовании и науке: сборник научных трудов по материалам Международной научно-практической конференции, 31 октября 2013 г., Тамбов.— , 2013
Ч. 3.— 2013.— [С. 7-10]
Main Author: Zeremskaya Yu. A. Yuliya Aleksandrovna
Corporate Author: Национальный исследовательский Томский политехнический университет (ТПУ) Институт социально-гуманитарных технологий (ИСГТ) Кафедра иностранных языков (ИЯСГТ)
Other Authors: Nechetova N. S.
Summary:Заглавие с экрана
Language:English
Published: 2013
Subjects:
Online Access:http://www.ucom.ru/doc/conf/2013_10_31_03.pdf#page=7
Format: Electronic Book Chapter
KOHA link:https://koha.lib.tpu.ru/cgi-bin/koha/opac-detail.pl?biblionumber=640598

MARC

LEADER 00000naa0a2200000 4500
001 640598
005 20250306094724.0
035 |a (RuTPU)RU\TPU\network\5158 
090 |a 640598 
100 |a 20150421d2013 k||y0rusy50 ba 
101 0 |a eng 
102 |a RU 
135 |a drnn ---uucaa 
181 0 |a i  
182 0 |a b 
200 1 |a The ways of teaching a professional foreign language to students of non-linguistic faculties  |f Yu. A. Zeremskaya, N. S. Nechetova 
203 |a Text  |c electronic 
300 |a Заглавие с экрана 
320 |a [Библиогр.: с. 10 (5 назв.)] 
461 |t Современные тенденции в образовании и науке  |o сборник научных трудов по материалам Международной научно-практической конференции, 31 октября 2013 г., Тамбов  |o в 26 ч.  |d 2013 
463 |t Ч. 3  |v [С. 7-10]  |d 2013 
610 1 |a электронный ресурс 
610 1 |a труды учёных ТПУ 
700 1 |a Zeremskaya  |b Yu. A.  |c linguist  |c Associate Professor of Tomsk Polytechnic University, Candidate of philological sciences  |f 1980-  |g Yuliya Aleksandrovna  |3 (RuTPU)RU\TPU\pers\31966  |9 16026 
701 1 |a Nechetova  |b N. S. 
712 0 2 |a Национальный исследовательский Томский политехнический университет (ТПУ)  |b Институт социально-гуманитарных технологий (ИСГТ)  |b Кафедра иностранных языков (ИЯСГТ)  |3 (RuTPU)RU\TPU\col\18376 
801 2 |a RU  |b 63413507  |c 20150507  |g RCR 
856 4 |u http://www.ucom.ru/doc/conf/2013_10_31_03.pdf#page=7 
942 |c CF